000 00717nam a2200205 a 4500
001 000040864
005 20201002034433.0
008 130910s1995 pr 000 0 spa d
020 _a9780865814899
040 _aDO-SdBNP
_bspa
_cBNPHU
082 _axxxx
_bxxxx
100 1 _aFreites Matos, Isabel de,
_d1915-
_967288
245 1 3 _aEl teatro y el niño /
_cIsabel Freites de Matos.
260 _aPuerto Rico, :
_bInstituto de cultura puertorriqueña,
_c1995.
300 _a163 p. ;
_c23 cm.
500 _aIncluye índices de autores y obras
500 _aIncluye datos biográficos del autor en las solapas
500 _aLa biblioteca posee la segunda reimpresión del 2008
504 _aBibliografías : p. 143-163
999 _c40354
_d40354